AH International Schools' Libraries

Meanwhile back on earth: (Record no. 47902)

MARC details
000 -LEADER
fixed length control field 00391nam a2200121 4500
020 ## - INTERNATIONAL STANDARD BOOK NUMBER
International Standard Book Number 9780008555450
100 ## - MAIN ENTRY--PERSONAL NAME
Personal name Jeffers, Oliver
9 (RLIN) 32913
245 ## - TITLE STATEMENT
Title Meanwhile back on earth:
Remainder of title finding our place through time and space /
Statement of responsibility, etc Olive Jeffers
260 ## - PUBLICATION, DISTRIBUTION, ETC. (IMPRINT)
Place of publication, distribution, etc UK
Name of publisher, distributor, etc HarperCollins Children's Books
Date of publication, distribution, etc 2022
300 ## - PHYSICAL DESCRIPTION
Extent unpaged.
Other physical details col. ill.
Dimensions 29 cm.
650 ## - SUBJECT ADDED ENTRY--TOPICAL TERM
Topical term or geographic name as entry element Juvenile Fiction
9 (RLIN) 46924
942 ## - ADDED ENTRY ELEMENTS (KOHA)
Source of classification or shelving scheme
Koha item type Book
Holdings
Withdrawn status Lost status Source of classification or shelving scheme Damaged status Not for loan Collection code Home library Current library Date acquired Total Checkouts Full call number Barcode Date last seen Date checked out Price effective from Koha item type
          TEACHERS' RESOURCES Asian Hope Primary Library Asian Hope Primary Library 11/21/2024 5 E JEF 207140 02/27/2026 02/03/2026 11/21/2024 Book

For any Logos Library related questions please contact Miss Art at swongnarasuk@asianhope.org.

For any Asian Hope Library related questions please contact Miss Raza at graza@asianhope.org.

Powered by Koha